|
|
|
|
| LEADER |
00000nam a2200000 i 4500 |
| 001 |
1/76435 |
| 008 |
960522s1987 gre d |
| 035 |
|
|
|a 1989
|b 2
|c Δωρεά
|l 10032404
|
| 040 |
|
|
|a GR-MY-UA
|b gre
|e aacr
|
| 041 |
0 |
|
|a gre
|
| 082 |
0 |
|
|a 512.007
|
| 100 |
1 |
|
|a Λάμπρου, Μιχαήλ.
|
| 245 |
1 |
0 |
|a Μαθηματικά :
|b Α' τάξη : Ενιαίου Πολυκλαδικού Λυκείου : άλγεβρα /
|c Μ.Λάμπρου ... [κ.ά.]
|
| 260 |
|
|
|a Αθήνα :
|b Ο.Ε.Δ.Β.,
|c 1987
|
| 300 |
|
|
|a 303 σ.
|
| 650 |
0 |
0 |
|a Algebra
|x Study and teaching (Secondary)
|z Greece.
|
| 852 |
|
|
|a INST
|b RHODES
|e 19960522
|h 512.007 ΜΑΘ
|p 005400002031
|q 005400002031
|t BK
|y 620
|
| 852 |
|
|
|a INST
|b RHODES
|e 19960522
|h 512.007 ΜΑΘ
|p 005400002032
|q 005400002032
|t BK
|y 0
|
| 852 |
|
|
|a INST
|b RHODES
|e 19960522
|h 512.007 ΜΑΘ
|p 005400002033
|q 005400002033
|t BK
|y 620
|
| 909 |
|
|
|a Ρ
|b 014497
|c 1989
|
| 909 |
|
|
|a Ρ
|b 014498
|c 1989
|
| 909 |
|
|
|a Ρ
|b 014499
|c 1989
|